00920nam a2200265 i 4500001001100000003000500011005001700016008004100033040002500074082001700099090002200116100003100138245003800169264007600207300004200283336002100325337002500346338002300371500004500394650001800439942001000457999001900467952008400486952008400570C2-0323119PPAK20180728121831.0131003s2013 my a|||| ||||| | may d aPPAKbengcPPAKerda04a959.511222300a959.5112bABDdKK0 aAbdullah Zakaria, eauthor10aSalasilah dan jurai di Raja Kedah 1aHotel Holiday Villa, Alor Setar, Kedah : bMuzium Negeri Kedah , c2013 a23 pages : billustrations ; c30 cm. 2rdacontentatext 2rdamediaaunmediated 2rdacarrieravolume aSeminar Kesultanan Kedah 10-11 September10aKedah-History ddccB c123288d123288 0071bPPAKcKKd2014-03-02oKK 959.5112 ABDpA00366104r2018-05-09 00:00:00yWP 0071bPPAKcKKd2014-03-02oKK 959.5112 ABDpA00366102r2018-05-09 00:00:00yWP